The collaborative organization : (Record no. 2900)
[ view plain ]
| 000 -LEADER | |
|---|---|
| fixed length control field | 01157cam a22001694a 4500 |
| 020 ## - INTERNATIONAL STANDARD BOOK NUMBER | |
| ISBN | 9780071782302 |
| 020 ## - INTERNATIONAL STANDARD BOOK NUMBER | |
| ISBN | 0071782303 |
| 050 ## - CALL NUMBER | |
| Classification number | HD58.7 |
| Item number | .M83 |
| 100 ## - AUTHOR | |
| Personal name | Morgan, Jacob, |
| 245 ## - TITLE | |
| Title | The collaborative organization : |
| Remainder of title | a strategic guide to solving your internal business challenges using emerging social and collaborative tools |
| Statement of responsibility, etc | Jacob Morgan. |
| 260 ## - PUBLICATION INFORMATION | |
| Place of publication | New York : |
| Name of publisher | McGraw-Hill, |
| Year of publication | 2012. |
| 300 ## - DESCRIPTION | |
| Number of Pages | xviii, 286 p. : |
| Other physical details | ill. ; |
| Dimensions | 24 cm. |
| 500 ## - NOTES | |
| General note | Includes index <br/> |
| 505 ## - FORMATTED CONTENTS NOTE | |
| Table of Content | Part 1 The Opening<br/>1. A Tale of Two Changes<br/>2. The First Step to Recovery Is Admitting You Have a Problem<br/>3. Walk a Mile in Their Shoes<br/>4. Risky Business<br/>5. Control the Center (What Is It and What Pieces Do You Need?)<br/>Part 2 The Middle Game<br/>6. An Overview of the Technology Landscape<br/>7. The Adaptive Emergent Collaboration Framework<br/>8. Resistance Is Futile<br/>9. Let's Rol<br/>10. Adoption (Not Babies)<br/>11. Governance<br/>Part 3 The End Game<br/>12. Measures of Success<br/>13. Sustaining<br/>14. Putting It All Together<br/>15. What's Next?<br/>16. Bonus Chapter with Andrew McAfee<br/>Afterword by Don Tapscott<br/> |
| 650 ## - SUBJECTS | |
| Topical Term | Corporate culture. |
| 942 ## - ADDED ENTRY ELEMENTS (KOHA) | |
| Koha item type | Books |
| Withdrawn status | Lost status | Collection code | Home library | Current library | Shelving location | Date acquired | Full call number | Accession Number | Koha item type |
|---|---|---|---|---|---|---|---|---|---|
| Reference | Methodist University Law Library | Methodist University Library Main | General Stacks | 01/05/2017 | HD58.7 .M83 | 6285 | Books | ||
| Methodist University Law Library | Methodist University Library Main | General Stacks | 01/05/2017 | HD58.7 .M83 | 6284 | Books | |||
| Reference | Methodist University Library Main | Methodist University Library Main | 12/10/2020 | HD58.7 .M83 | 8322 | Books |